| 000 | 01602nab a2200241 i 4500 | ||
|---|---|---|---|
| 001 | 768714001 | ||
| 003 | CO-MdFUSB | ||
| 005 | 20240620163938.0 | ||
| 008 | 240620t1993 us ||||| |||| 00| 0 eng d | ||
| 040 |
_bspa _cCO-MdFUSB _dCO-MdFUSB |
||
| 041 | _aeng | ||
| 100 |
_aGoodpasture, H. McKennie, _eautor |
||
| 245 | 1 | 3 |
_aThe world's parliament of religions revisited : _bthe missionaries and early steps in public dialogue _c/ H. McKennie Goodpasture |
| 520 | _aEste año se cumple el centenario del Parlamento Mundial de las Religiones celebrado en Chicago en 1893. Ese notable acontecimiento reunió a casi doscientos líderes religiosos y eruditos de las principales religiones del mundo. Cristianos, musulmanes, budistas, hindúes y otros dieron importantes discursos sobre sus diversas religiones ante audiencias de miles de personas. Entre los invitados a hablar se encontraban 13 misioneros cristianos, que hablaron sobre su testimonio en relación con otras religiones, sobre la necesidad de una mayor unidad entre los cristianos, sobre la legislación en Estados Unidos que discrimina a los chinos y otros asuntos. Este artículo analiza esas 13 direcciones y encuentra algunas sorpresas. | ||
| 546 | _aTexto en inglés. | ||
| 650 | 0 |
_aCristianismo y otras religiones _91247 |
|
| 650 | 7 |
_aMisioneros _9931 |
|
| 650 | 0 |
_aEvangelización _9362 |
|
| 650 | 0 |
_aVida cristiana _919 |
|
| 773 | 0 |
_049486 _961126 _d Pasadena _oR0888 _tMissiology: _w(CO-MdFUSB)97 _gVolumen 21, (número 4, 1993) páginas: 403 - 411 _qpágina: 403 |
|
| 942 | _cANA | ||
| 945 | _aCatherine Arias Álvarez - Practicante SENA | ||
| 999 |
_c70337 _d70337 |
||